[Event "VI Festival"]
[Site "Positano ITA"]
[Date "2009.12.07"]
[Round "5"]
[White "Sanchez, Joseph"]
[Black "Collutiis, Duilio"]
[Result "1/2-1/2"]
[WhiteElo "2487"]
[BlackElo "2426"]
[PlyCount "111"]
[EventDate "2009.12.05"]

1. e4 e5 2. Nf3 Nc6 3. d4 exd4 4. Nxd4 Bb4+ 5. c3 Bc5 6. Be3 Bb6 7. Nf5 Bxe3 8.
Nxe3 d6 9. Nd2 Nf6 10. Bc4 O-O 11. O-O Re8 12. Qc2 Ne5 13. Bb3 Ned7 14. Bc4 c6
15. b4 Nb6 16. Bb3 d5 17. Rad1 Ng4 18. Nxg4 Bxg4 19. f3 Be6 20. c4 a5 21. a3
axb4 22. axb4 Qf6 23. c5 Qd4+ 24. Kh1 Nc8 25. Nc4 Qf6 26. Na5 Ne7 27. f4 dxe4
28. Nxb7 Reb8 29. Nd6 Rxb4 30. Bxe6 fxe6 31. Qe2 Nd5 32. Nxe4 Qg6 33. Rde1 Rf8
34. g3 e5 35. f5 Rxf5 36. Rxf5 Qxf5 37. Nd6 Qe6 38. Qa6 h6 39. Qxc6 e4 40. Qa6
Kh7 41. Qe2 Nf6 42. Rc1 Ra4 43. Nc4 Qa6 44. Qf1 Qe6 45. c6 Nd5 46. Nd2 Ra2 47.
Qe2 e3 48. Qd3+ Qg6 49. Ne4 Rd2 50. Qc4 Nb6 51. Qb4 Nd5 52. Qc4 Nb6 53. Qb4 Nd5
54. Qc4 Nb6 55. Qb4 Nd5 56. Qc4 1/2-1/2

[Event "VI Festival"]
[Site "Positano ITA"]
[Date "2009.12.07"]
[Round "5"]
[White "Scola, Enrico"]
[Black "Catracchia, Mauro"]
[Result "1/2-1/2"]
[WhiteElo "1677"]
[BlackElo "1995"]
[PlyCount "46"]
[EventDate "2009.12.05"]

1. e4 e5 2. Nf3 Nc6 3. Bb5 a6 4. Ba4 Nf6 5. O-O Be7 6. Re1 b5 7. Bb3 O-O 8. d4
exd4 9. Nxd4 Nxd4 10. Qxd4 c5 11. Qc3 c4 12. Bxc4 bxc4 13. Qxc4 d6 14. Nc3 Bb7
15. Qd4 Rc8 16. Bf4 Ng4 17. h3 Nf6 18. Rad1 Qa5 19. Bxd6 Bxd6 20. Qxd6 Rfe8 21.
f3 Qg5 22. Qb6 Rb8 23. Qd6 Nh5 1/2-1/2

[Event "VI Festival"]
[Site "Positano ITA"]
[Date "2009.12.07"]
[Round "5"]
[White "Seletsky, Grigory"]
[Black "Cinque, Antonio"]
[Result "1/2-1/2"]
[WhiteElo "2345"]
[BlackElo "1911"]
[PlyCount "83"]
[EventDate "2009.12.05"]

1. e4 e6 2. d4 d5 3. Nc3 Nf6 4. e5 Nfd7 5. f4 c5 6. Nf3 Nc6 7. Be3 a6 8. Qd2
cxd4 9. Nxd4 Nxd4 10. Bxd4 Bc5 11. Bxc5 Nxc5 12. O-O-O b5 13. Bd3 b4 14. Ne2 a5
15. Kb1 Ba6 16. Qe3 Qb6 17. g4 Na4 18. Qxb6 Nxb6 19. Nd4 Bxd3 20. cxd3 h5 21.
g5 O-O 22. g6 Rae8 23. gxf7+ Rxf7 24. Rdf1 Nd7 25. Rhg1 Nc5 26. Kc2 Ref8 27.
Ne2 Nd7 28. Rc1 Rc8+ 29. Kd2 Rff8 30. Rxc8 Rxc8 31. Nd4 Nf8 32. Rg5 g6 33. f5
exf5 34. Nxf5 Kf7 35. Nh4 a4 36. e6+ Nxe6 37. Rxg6 Nd4 38. Ra6 Rc2+ 39. Ke3
Rxh2 40. Kxd4 Rxh4+ 41. Kxd5 Rh2 42. Kc4 1/2-1/2

[Event "VI Festival"]
[Site "Positano ITA"]
[Date "2009.12.07"]
[Round "5"]
[White "Stoja, Rocco"]
[Black "Messina, Salvatore"]
[Result "1-0"]
[WhiteElo "1828"]
[BlackElo "1631"]
[PlyCount "47"]
[EventDate "2009.12.05"]

1. e4 c5 2. Nf3 d6 3. d4 cxd4 4. Nxd4 Nf6 5. Nc3 a6 6. Be2 e6 7. O-O b5 8. a3
Bb7 9. f3 Be7 10. Qe1 O-O 11. Bg5 Nbd7 12. Kh1 Rc8 13. Rd1 Qb6 14. Nb3 Nc5 15.
Qf2 Qc6 16. Na5 Qc7 17. Nxb7 Nxb7 18. Qe3 Rfe8 19. f4 Nc5 20. f5 d5 21. e5 Nfd7
22. Bxe7 Rxe7 23. f6 Ree8 24. Qg5 1-0

[Event "VI Festival"]
[Site "Positano ITA"]
[Date "2009.12.07"]
[Round "6"]
[White "Catracchia, Mauro"]
[Black "Esposito, Antonio"]
[Result "1-0"]
[WhiteElo "1995"]
[BlackElo "1401"]
[PlyCount "37"]
[EventDate "2009.12.05"]

1. e4 e5 2. Nf3 Nc6 3. d4 exd4 4. c3 dxc3 5. Nxc3 Bb4 6. Bc4 Bxc3+ 7. bxc3 d6
8. h3 Be6 9. Bxe6 fxe6 10. Qb3 Qe7 11. Qxb7 Rd8 12. Qxc6+ Qd7 13. Qc4 Nf6 14.
O-O d5 15. exd5 exd5 16. Re1+ Kf7 17. Ne5+ Ke6 18. Nxd7+ Kxd7 19. Qb5+ 1-0

[Event "VI Festival"]
[Site "Positano ITA"]
[Date "2009.12.07"]
[Round "6"]
[White "Cinque, Antonio"]
[Black "Sanchez, Joseph"]
[Result "0-1"]
[WhiteElo "1911"]
[BlackElo "2487"]
[PlyCount "40"]
[EventDate "2009.12.05"]

1. e4 d5 2. exd5 Nf6 3. d4 Bg4 4. Nf3 Qxd5 5. Be2 e6 6. O-O Nc6 7. Nc3 Qf5 8.
Be3 O-O-O 9. a3 Be7 10. b4 h5 11. b5 Bxf3 12. bxc6 Bxc6 13. Bd3 Qa5 14. Bd2 Qb6
15. Be3 Ng4 16. Rb1 Qa5 17. Bd2 Qxa3 18. Ne2 Qd6 19. Bf4 e5 20. dxe5 Nxe5 0-1

[Event "VI Festival"]
[Site "Positano ITA"]
[Date "2009.12.07"]
[Round "6"]
[White "Epishin, Vladimir V."]
[Black "Carnicelli, Flavio"]
[Result "1-0"]
[WhiteElo "2613"]
[BlackElo "1811"]
[PlyCount "48"]
[EventDate "2009.12.05"]

1. d4 d5 2. c4 c6 3. Nc3 Nf6 4. e3 e6 5. Nf3 Nbd7 6. a3 a5 7. Qc2 Bd6 8. g4
Nxg4 9. Rg1 Nxh2 10. Nxh2 Bxh2 11. Rxg7 Bc7 12. e4 Qf6 13. Rg1 h6 14. exd5 Nb6
15. d6 Bd8 16. Be3 Bd7 17. O-O-O Qh4 18. Kb1 Bg5 19. Qb3 Bxe3 20. fxe3 Qd8 21.
e4 f6 22. c5 Nc8 23. e5 f5 24. Bc4 Kf7 1-0

[Event "VI Festival"]
[Site "Positano ITA"]
[Date "2009.12.07"]
[Round "6"]
[White "Ercolano, Giuseppe"]
[Black "Carnicelli, Valerio"]
[Result "0-1"]
[WhiteElo "1604"]
[BlackElo "1756"]
[PlyCount "60"]
[EventDate "2009.12.05"]

1. d4 d5 2. Nf3 Nf6 3. e3 Bf5 4. Bd3 Bxd3 5. Qxd3 c6 6. Nbd2 e6 7. O-O Bd6 8.
c4 Nbd7 9. c5 Bc7 10. b4 O-O 11. a4 Qe7 12. e4 dxe4 13. Nxe4 Nxe4 14. Qxe4 Nf6
15. Bg5 Nxe4 16. Bxe7 Rfe8 17. Rfe1 Nxf2 18. Kxf2 Rxe7 19. Re2 Rd7 20. Re4 Bd8
21. g4 Rd5 22. h4 b6 23. g5 bxc5 24. bxc5 Rb8 25. Ne5 Rb2+ 26. Ke3 Rb3+ 27. Nd3
Bc7 28. Ke2 Rd8 29. Kd2 Ba5+ 30. Ke3 Bc3 0-1

[Event "VI Festival"]
[Site "Positano ITA"]
[Date "2009.12.07"]
[Round "6"]
[White "Messina, Roberta"]
[Black "Cervero, Gianluca"]
[Result "1-0"]
[WhiteElo "1909"]
[BlackElo "1524"]
[PlyCount "118"]
[EventDate "2009.12.05"]

1. e4 e6 2. d3 d5 3. Nd2 c5 4. g3 Nc6 5. c3 Bd7 6. Bg2 d4 7. Ngf3 e5 8. O-O Nf6
9. Re1 Bd6 10. Nf1 O-O 11. h3 h6 12. g4 Qb6 13. Ng3 Rac8 14. Nh4 Ne7 15. c4 g5
16. Nhf5 Bxf5 17. gxf5 Kh7 18. Kh2 Neg8 19. Bf3 Be7 20. Rg1 Ne8 21. Qd2 Ng7 22.
Bg4 Nf6 23. Qe2 Rg8 24. Rh1 Rh8 25. Kg2 Kg8 26. Nh5 Rc6 27. Nxf6+ Bxf6 28. Bh5
a6 29. Kh2 Rd6 30. Rg1 Rc6 31. Bf3 Rd6 32. Qc2 Rc6 33. Bd2 a5 34. Rg3 Rd6 35.
Rb1 Rc6 36. Qa4 Bd8 37. Qc2 Bf6 38. Rbg1 Rd6 39. b3 Rc6 40. Qc1 Rd6 41. Qa3 Bd8
42. R1g2 Rc6 43. Kg1 Rd6 44. h4 f6 45. Qc1 Rd7 46. hxg5 fxg5 47. Rh2 Qf6 48.
Qf1 Ne8 49. Qh3 Rhh7 50. Bh5 Rhe7 51. Bg6 Nd6 52. Qg2 b5 53. cxb5 Nxb5 54. Rgh3
Qg7 55. Qf3 Na3 56. Bxg5 Re6 57. Bxh6 Qf6 58. Qg3 Rg7 59. Bxg7 Qxg7 1-0

[Event "VI Festival"]
[Site "Positano ITA"]
[Date "2009.12.07"]
[Round "6"]
[White "Messina, Salvatore"]
[Black "Fucito, Giovanni"]
[Result "1-0"]
[WhiteElo "1631"]
[BlackElo "1826"]
[PlyCount "101"]
[EventDate "2009.12.05"]

1. d4 d5 2. c4 e6 3. Nf3 Nf6 4. Nc3 Be7 5. Bg5 Nbd7 6. e3 O-O 7. Bd3 dxc4 8.
Bxc4 c5 9. O-O cxd4 10. exd4 Nb6 11. Bb3 Nbd5 12. a3 b6 13. Nxd5 Nxd5 14. Bxd5
exd5 15. Bxe7 Qxe7 16. Re1 Qf6 17. Ne5 Be6 18. Rc1 Rac8 19. Qd2 Rfe8 20. h3 Qe7
21. Qe3 Qd6 22. Nf3 h6 23. Ne5 f6 24. Ng6 Rxc1 25. Qxc1 Rc8 26. Qe3 Re8 27. Qf3
Qc7 28. Nf4 Qc6 29. Nxd5 Kf7 30. Nf4 Qxf3 31. gxf3 g5 32. Nxe6 Rxe6 33. Kf1 Rd6
34. Rd1 Ke6 35. Rd3 Kd5 36. Ke2 Rc6 37. Kd2 Rc4 38. Ke3 Rc1 39. f4 Re1+ 40. Kf3
Re4 41. fxg5 hxg5 42. Kg3 Rxd4 43. Rxd4+ Kxd4 44. f4 Ke4 45. fxg5 fxg5 46. Kg4
Kd3 47. Kxg5 Kc2 48. a4 Kxb2 49. h4 Ka3 50. h5 Kxa4 51. h6 1-0

[Event "VI Festival"]
[Site "Positano ITA"]
[Date "2009.12.07"]
[Round "6"]
[White "Sabia, Corrado"]
[Black "Collutiis, Duilio"]
[Result "0-1"]
[WhiteElo "2183"]
[BlackElo "2426"]
[PlyCount "58"]
[EventDate "2009.12.05"]

1. e4 c5 2. Nf3 Nc6 3. Bb5 e6 4. O-O Nge7 5. b3 a6 6. Bxc6 Nxc6 7. Bb2 d6 8. c4
e5 9. Nc3 g6 10. Nd5 Bg7 11. d3 O-O 12. Nd2 Nd4 13. Bxd4 cxd4 14. f4 f5 15. Qe2
Be6 16. Rae1 Kh8 17. Kh1 b5 18. Nf3 fxe4 19. Ng5 exd3 20. Qxd3 Bg8 21. Rf3 bxc4
22. bxc4 Ra7 23. Rh3 Bf6 24. Ne4 Bxd5 25. cxd5 Qa5 26. Rb1 Qd8 27. Nd2 Qd7 28.
Nc4 Rc7 29. Rf3 e4 0-1

[Event "VI Festival"]
[Site "Positano ITA"]
[Date "2009.12.07"]
[Round "6"]
[White "Seletsky, Grigory"]
[Black "Martorelli, Antonio"]
[Result "0-1"]
[WhiteElo "2345"]
[BlackElo "2224"]
[PlyCount "74"]
[EventDate "2009.12.05"]

1. e4 c5 2. Nf3 e6 3. d4 cxd4 4. Nxd4 a6 5. Bd3 Bc5 6. Nb3 Ba7 7. Qe2 Nc6 8.
Be3 d6 9. O-O Nf6 10. N1d2 O-O 11. a4 h6 12. Rfd1 e5 13. c3 Bg4 14. f3 Be6 15.
Bxa7 Rxa7 16. Qf2 Qc7 17. Nc1 Raa8 18. Ne2 Rfd8 19. Ng3 d5 20. exd5 Nxd5 21.
Nde4 Nf4 22. Bc2 Bh3 23. Ne2 Nxg2 24. Kh1 Nf4 25. Nxf4 exf4 26. Qh4 Rxd1+ 27.
Rxd1 Be6 28. Nd6 Ne7 29. Qxf4 Nd5 30. Qg3 Ne3 31. Rg1 f5 32. Bxf5 Bd5 33. Be4
Rf8 34. Bxd5+ Nxd5 35. Ne4 Nf4 36. Rd1 Qc6 37. Rd4 Ne2 0-1

[Event "VI Festival"]
[Site "Positano ITA"]
[Date "2009.12.07"]
[Round "6"]
[White "Stinga, Danilo"]
[Black "Gambardella, Gesualdo"]
[Result "1-0"]
[WhiteElo "1482"]
[BlackElo "1494"]
[PlyCount "119"]
[EventDate "2009.12.05"]

1. e4 c5 2. Nf3 g6 3. Bc4 Bg7 4. O-O Nc6 5. Nc3 e6 6. d3 Nge7 7. Bd2 a6 8. a3
O-O 9. Qc1 b5 10. Bb3 Bb7 11. Bh6 d5 12. Bxg7 Kxg7 13. e5 Nf5 14. Ne2 Nh4 15.
Nxh4 Qxh4 16. f4 d4 17. Rf3 Qd8 18. Rh3 Ne7 19. Ng3 Rc8 20. f5 Ng8 21. f6+ Kh8
22. Ne4 Bxe4 23. dxe4 c4 24. Ba2 Qc7 25. Qf4 d3 26. cxd3 Qc5+ 27. Kh1 cxd3 28.
Rxd3 h5 29. Rad1 Kh7 30. Rc3 Qa7 31. Qd2 Nh6 32. h3 Qb8 33. Rxc8 Rxc8 34. Qd7
Re8 35. Rd6 Qc8 36. Qxc8 Rxc8 37. Rxa6 Rc2 38. Bxe6 Rc7 39. Bb3 g5 40. Ra5 Rc5
41. Ba4 Rc1+ 42. Kh2 bxa4 43. Rxa4 Rc5 44. b4 Rxe5 45. Ra5 Rxe4 46. Rxg5 Re3
47. a4 Re4 48. Rb5 Kg6 49. a5 Nf5 50. Rb6 Re6 51. Rxe6 fxe6 52. a6 Nd4 53. a7
Nc6 54. a8=Q Nxb4 55. Qa4 Kxf6 56. Qxb4 Kf5 57. h4 Kg6 58. Kg3 e5 59. Kf3 Kf6
60. Ke4 1-0

[Event "VI Festival"]
[Site "Positano ITA"]
[Date "2009.12.07"]
[Round "6"]
[White "Testa, Adriano"]
[Black "Trifoglio, Giovanni"]
[Result "1-0"]
[WhiteElo "2175"]
[BlackElo "1917"]
[PlyCount "85"]
[EventDate "2009.12.05"]

1. e4 c5 2. Nf3 e6 3. d3 Nc6 4. g3 g6 5. Bg2 Bg7 6. O-O Nge7 7. c3 d6 8. Be3
O-O 9. Nbd2 b5 10. e5 dxe5 11. Bxc5 Rb8 12. Qc2 Qc7 13. b4 Rd8 14. a4 a6 15.
axb5 axb5 16. Ne4 Nd5 17. Ra2 Bf8 18. Bxf8 Kxf8 19. Rfa1 Kg7 20. h4 h6 21. Nfd2
Bb7 22. Nc5 Ra8 23. Kh2 Rxa2 24. Rxa2 Ra8 25. Rxa8 Bxa8 26. Qa2 Bb7 27. Nxb7
Qxb7 28. Bxd5 exd5 29. Qxd5 Qb6 30. Ne4 Qb7 31. Qd6 Qb6 32. Nc5 Kg8 33. d4 exd4
34. cxd4 Qd8 35. Qxc6 Qxd4 36. Qe8+ Kg7 37. Qe1 h5 38. Kg2 Kg8 39. Qe8+ Kg7 40.
Qe4 Qb2 41. Nd7 Kh7 42. Ne5 Kg7 43. Qd5 1-0

[Event "VI Festival"]
[Site "Positano ITA"]
[Date "2009.12.08"]
[Round "7"]
[White "Carnicelli, Valerio"]
[Black "Catracchia, Mauro"]
[Result "0-1"]
[WhiteElo "1756"]
[BlackElo "1995"]
[PlyCount "52"]
[EventDate "2009.12.05"]

1. e4 e5 2. Nf3 Nc6 3. Bc4 Nf6 4. Ng5 d5 5. exd5 Na5 6. Bb5+ c6 7. dxc6 bxc6 8.
Be2 h6 9. Nf3 e4 10. Ne5 Bd6 11. d4 O-O 12. f4 Re8 13. O-O Qb6 14. Kh1 c5 15.
Bc4 Nxc4 16. Nxc4 Qc6 17. dxc5 Bxc5 18. Be3 Ba6 19. Ne5 Qc7 20. Re1 Rad8 21.
Qc1 Rxe5 22. fxe5 Ng4 23. h3 Bxe3 24. Rxe3 Nf2+ 25. Kh2 Rd1 26. Qxd1 Nxd1 0-1

[Event "VI Festival"]
[Site "Positano ITA"]
[Date "2009.12.08"]
[Round "7"]
[White "Collutiis, Duilio"]
[Black "Epishin, Vladimir V."]
[Result "1/2-1/2"]
[WhiteElo "2426"]
[BlackElo "2613"]
[PlyCount "48"]
[EventDate "2009.12.05"]

1. e4 c6 2. d4 d5 3. Nc3 dxe4 4. Nxe4 Bf5 5. Ng3 Bg6 6. N1e2 e6 7. Nf4 Bd6 8.
Nxg6 hxg6 9. Ne4 Nf6 10. Nxd6+ Qxd6 11. h3 Nbd7 12. Be2 e5 13. c3 O-O 14. O-O
Rfe8 15. dxe5 Qxe5 16. Bf3 Qf5 17. Be3 Ne5 18. Be2 Nd5 19. Bd4 Nf4 20. Bxe5
Nxe2+ 21. Qxe2 Rxe5 22. Qd2 Rd5 23. Qe2 Rad8 24. Rfd1 a5 1/2-1/2

[Event "VI Festival"]
[Site "Positano ITA"]
[Date "2009.12.08"]
[Round "7"]
[White "Ercolano, Giuseppe"]
[Black "Stinga, Danilo"]
[Result "0-1"]
[WhiteElo "1604"]
[BlackElo "1482"]
[PlyCount "46"]
[EventDate "2009.12.05"]

1. Nf3 d6 2. d4 Bg4 3. e3 Nf6 4. Bd3 e5 5. Nbd2 Nc6 6. c3 Be7 7. O-O O-O 8. h3
Bh5 9. Qe2 d5 10. dxe5 Nxe5 11. Rd1 Nfd7 12. g4 Nxd3 13. Qxd3 Nc5 14. Qb5 Bg6
15. Nb3 c6 16. Qe2 Qc7 17. Nxc5 Bxc5 18. b4 Bd6 19. Bb2 h6 20. a3 f5 21. c4
fxg4 22. hxg4 Be4 23. Ne1 Bh2+ 0-1

[Event "VI Festival"]
[Site "Positano ITA"]
[Date "2009.12.08"]
[Round "7"]
[White "Esposito, Antonio"]
[Black "Cervero, Gianluca"]
[Result "0-1"]
[WhiteElo "1401"]
[BlackElo "1524"]
[PlyCount "88"]
[EventDate "2009.12.05"]

1. e4 e6 2. Nf3 d5 3. exd5 exd5 4. Bb5+ c6 5. Ba4 Nf6 6. Nc3 Bd6 7. O-O O-O 8.
g3 Re8 9. d4 h6 10. Bf4 Bxf4 11. gxf4 Bg4 12. h3 Bxh3 13. Re1 Bg4 14. Rxe8+
Qxe8 15. Qd3 Bxf3 16. Qxf3 Ne4 17. Re1 f5 18. Qe3 Nd7 19. f3 Qg6+ 20. Kf1 Ng3+
21. Kf2 Nh5 22. Rg1 Qf7 23. Ne2 Nf8 24. Qe5 Qd7 25. Rg6 Re8 26. Qxe8 Qxe8 27.
Rg2 Nd7 28. a3 Qe6 29. c3 Qd6 30. Rh2 Nxf4 31. Nxf4 Qxf4 32. Rg2 Nb6 33. Bc2
Qd2+ 34. Kg3 f4+ 35. Kh2 Qe1 36. Rg1 Qe2+ 37. Rg2 Qxf3 38. Kg1 Nc4 39. Rf2 Qe3
40. Bb3 Nd2 41. Bd1 Qe1+ 42. Kg2 Qxd1 43. Rxf4 Qe2+ 44. Rf2 Qg4+ 0-1

[Event "VI Festival"]
[Site "Positano ITA"]
[Date "2009.12.08"]
[Round "7"]
[White "Gambardella, Gesualdo"]
[Black "Fucito, Giovanni"]
[Result "0-1"]
[WhiteElo "1494"]
[BlackElo "1826"]
[PlyCount "80"]
[EventDate "2009.12.05"]

1. e4 c5 2. Nf3 d6 3. d4 cxd4 4. Nxd4 Nf6 5. Nc3 a6 6. Bd3 e6 7. Bg5 Be7 8. O-O
O-O 9. Nce2 b5 10. a3 Bb7 11. Ng3 Qc7 12. c3 Nbd7 13. Nb3 Rfd8 14. Re1 Nc5 15.
Bc2 Rac8 16. Nd4 Ncd7 17. Rc1 h6 18. Bd2 Ne5 19. b3 Qc5 20. b4 Qb6 21. Kh1 Nc4
22. Ra1 Nxd2 23. Qxd2 Ng4 24. h3 Ne5 25. f4 Nc4 26. Qe2 Qc7 27. f5 e5 28. Nf3
Nb6 29. Nh5 Qxc3 30. Ra2 Qc6 31. Qf2 Nd7 32. Qg3 Bf6 33. Bb3 Qc3 34. Bxf7+ Kxf7
35. Qg6+ Kf8 36. Rd2 Qc4 37. Rxd6 Qf7 38. Qh7 Qxh5 39. Ng5 Bxg5 40. Rg6 Bf6 0-1

[Event "VI Festival"]
[Site "Positano ITA"]
[Date "2009.12.08"]
[Round "7"]
[White "Messina, Roberta"]
[Black "Scola, Enrico"]
[Result "1-0"]
[WhiteElo "1909"]
[BlackElo "1677"]
[PlyCount "99"]
[EventDate "2009.12.05"]

1. e4 c5 2. Nf3 d6 3. d4 cxd4 4. Nxd4 Nf6 5. Nc3 a6 6. h3 e5 7. Nde2 Be7 8. g4
h6 9. Bg2 b5 10. Ng3 g6 11. Be3 Bb7 12. a3 Nbd7 13. Qd2 Ng8 14. Nd5 Bxd5 15.
Qxd5 Rc8 16. Qd2 Nb6 17. b3 Qc7 18. Qa5 Nd7 19. Qxa6 Qc3+ 20. Bd2 Qc6 21. Qxc6
Rxc6 22. Bf1 Rxc2 23. Bxb5 Ngf6 24. Ba4 h5 25. g5 Nh7 26. b4 Rc4 27. h4 f6 28.
gxf6 Nhxf6 29. f3 O-O 30. Bb3 Nb6 31. Bxc4+ Nxc4 32. Bh6 Ra8 33. O-O Nh7 34.
Rfc1 Rxa3 35. Rxa3 Nxa3 36. Rc8+ Kf7 37. Rh8 Nf8 38. Nf1 Nc4 39. b5 Nb6 40. Ne3
Nfd7 41. Rh7+ Ke8 42. Rg7 Nf8 43. Bg5 Bxg5 44. hxg5 Nbd7 45. Nd5 Kd8 46. Nf6
Kc8 47. Nxd7 Nxd7 48. Rxg6 Kc7 49. Rg7 Kd8 50. Rxd7+ 1-0

[Event "VI Festival"]
[Site "Positano ITA"]
[Date "2009.12.08"]
[Round "7"]
[White "Sanchez, Joseph"]
[Black "Martorelli, Antonio"]
[Result "1-0"]
[WhiteElo "2487"]
[BlackElo "2224"]
[PlyCount "79"]
[EventDate "2009.12.05"]

1. e4 c5 2. Nf3 e6 3. d4 cxd4 4. Nxd4 a6 5. Bd3 Bc5 6. Nb3 Ba7 7. Qe2 Nc6 8.
Be3 d6 9. c4 Nf6 10. Nc3 O-O 11. Rd1 e5 12. Bb1 Qc7 13. O-O Bg4 14. f3 Be6 15.
Nd5 Bxd5 16. cxd5 Ne7 17. Bxa7 Rxa7 18. Qe3 b6 19. Rc1 Qb8 20. Bd3 Nd7 21. Rc3
Rc8 22. Rxc8+ Nxc8 23. Qg5 Nf6 24. f4 h6 25. Qg3 Nh5 26. Qh4 Nxf4 27. Qd8+ Kh7
28. Rxf4 exf4 29. e5+ g6 30. e6 b5 31. Kf1 Qc7 32. Qf8 Nb6 33. exf7 Qxf7 34.
Qxd6 Nxd5 35. Nd4 Re7 36. h4 Re3 37. Bc2 Kg7 38. h5 Ne7 39. hxg6 Qxa2 40. Ne6+
1-0

[Event "VI Festival"]
[Site "Positano ITA"]
[Date "2009.12.08"]
[Round "7"]
[White "Stoja, Rocco"]
[Black "Sabia, Corrado"]
[Result "0-1"]
[WhiteElo "1828"]
[BlackElo "2183"]
[PlyCount "64"]
[EventDate "2009.12.05"]

1. e4 e5 2. Nf3 Nc6 3. d4 exd4 4. Nxd4 Nf6 5. Nxc6 bxc6 6. Bd3 Bc5 7. Qf3 O-O
8. O-O d6 9. h3 Rb8 10. c3 Nd7 11. Qg3 Kh8 12. Kh1 Ne5 13. Be2 f5 14. exf5 Bxf5
15. b3 Qe7 16. Be3 Bb6 17. Bxb6 axb6 18. Nd2 Rbe8 19. Rfe1 Qf7 20. Kg1 Re6 21.
Nc4 Nd7 22. Bg4 Rfe8 23. Rxe6 Qxe6 24. Bxf5 Qxf5 25. Qg4 Qf7 26. Ne3 Nf6 27.
Qf3 Qd7 28. Rd1 d5 29. Nc4 Qe7 30. Nd2 Qa3 31. Qf4 Qxa2 32. Kh2 Qc2 0-1

[Event "VI Festival"]
[Site "Positano ITA"]
[Date "2009.12.08"]
[Round "7"]
[White "Testa, Adriano"]
[Black "Seletsky, Grigory"]
[Result "0-1"]
[WhiteElo "2175"]
[BlackElo "2345"]
[PlyCount "110"]
[EventDate "2009.12.05"]

1. e4 Nf6 2. e5 Nd5 3. d4 d6 4. Nf3 g6 5. Bc4 Nb6 6. Bb3 d5 7. h3 Bg7 8. O-O
O-O 9. Nh2 Nc6 10. f4 f6 11. Nc3 Na5 12. Qe2 a6 13. Nf3 f5 14. Bd2 Nac4 15.
Rab1 Nxd2 16. Qxd2 e6 17. Nd1 Bd7 18. Ne3 Bb5 19. Rfd1 Qd7 20. Rbc1 Bh6 21. g3
Rfd8 22. h4 Bf8 23. Kg2 h5 24. Ne1 Nc4 25. Bxc4 dxc4 26. Kh2 Bc6 27. c3 b5 28.
Qe2 Bb7 29. Nf3 Be7 30. Rd2 Qc6 31. Ng5 Rd7 32. Rcd1 Rad8 33. Nc2 Bxg5 34. hxg5
Qb6 35. Qe1 Kf7 36. Kg1 Ke8 37. Ne3 Qc6 38. Kh2 Qe4 39. Nc2 Qxe1 40. Rxe1 Be4
41. Rxe4 fxe4 42. Re2 c5 43. Rxe4 Kf7 44. Kg2 b4 45. cxb4 cxb4 46. Nxb4 Rxd4
47. Re2 Rd2 48. Kf2 Rxe2+ 49. Kxe2 Rb8 50. Nxa6 Rxb2+ 51. Ke3 Rxa2 52. Nc5 Ra3+
53. Ke4 Rxg3 54. Kd4 Rf3 55. Nd3 h4 0-1

[Event "VI Festival"]
[Site "Positano ITA"]
[Date "2009.12.08"]
[Round "7"]
[White "Trifoglio, Giovanni"]
[Black "Messina, Salvatore"]
[Result "1-0"]
[WhiteElo "1917"]
[BlackElo "1631"]
[PlyCount "93"]
[EventDate "2009.12.05"]

1. e4 c5 2. c3 Nf6 3. e5 Nd5 4. d4 cxd4 5. Nf3 e6 6. Bd3 d6 7. exd6 Bxd6 8. O-O
Nc6 9. a3 Qc7 10. cxd4 O-O 11. Nc3 Nf4 12. Nb5 Qb8 13. Bb1 Be7 14. Qc2 g6 15.
Nc3 Bf6 16. Be3 e5 17. dxe5 Nxe5 18. Nxe5 Qxe5 19. Ba2 Bf5 20. Qa4 Nd3 21. Qb3
b6 22. Bh6 Bg7 23. Bxg7 Kxg7 24. Bb1 Rad8 25. Bxd3 Rxd3 26. Rfe1 Qd6 27. h3
Bxh3 28. gxh3 Rxh3 29. Qd5 Qh2+ 30. Kf1 Rh5 31. Qg2 Qc7 32. Rac1 Rd8 33. Ne4
Qf4 34. Ng3 Rg5 35. Qe4 Qf6 36. Qe7 Qxe7 37. Rxe7 h5 38. Rcc7 Rf8 39. Rxa7 h4
40. Ne4 Rg4 41. f3 Rf4 42. Kf2 Rh8 43. Ng5 h3 44. Ne6+ Kg8 45. Nxf4 h2 46. Re8+
Kg7 47. Rxh8 1-0

[Event "I Open Filadelfia.Chess"]
[Site "Filadelfia ITA"]
[Date "2009.12.05"]
[Round "1"]
[White "Carbone, Edoardo"]
[Black "Arnetta, Maria Teresa"]
[Result "0-1"]
[WhiteElo "1569"]
[BlackElo "2046"]
[PlyCount "36"]
[EventDate "2009.12.05"]

1. e4 c5 2. Nf3 Nc6 3. d3 d6 4. g3 Bg4 5. Nbd2 g6 6. Bg2 Bg7 7. O-O Qd7 8. Nb3
h5 9. h4 O-O-O 10. a4 g5 11. Qd2 Bxf3 12. Bxf3 gxh4 13. gxh4 Nf6 14. Rd1 Bh6
15. Qe2 Qh3 16. Bg5 Bxg5 17. hxg5 Rdg8 18. Bg2 Rxg5 0-1

[Event "I Open Filadelfia.Chess"]
[Site "Filadelfia ITA"]
[Date "2009.12.05"]
[Round "1"]
[White "Carbone, Stefano"]
[Black "Cicero, Angelo"]
[Result "1-0"]
[WhiteElo "1758"]
[BlackElo "1437"]
[PlyCount "109"]
[EventDate "2009.12.05"]

1. e4 e5 2. Nf3 Nc6 3. Bb5 Bc5 4. O-O Nf6 5. Nxe5 Nxe5 6. d4 Bxd4 7. Qxd4 Qe7
8. Nc3 O-O 9. Nd5 Nxd5 10. exd5 a6 11. Ba4 b5 12. Bb3 Re8 13. Bf4 Bb7 14. Rfe1
d6 15. a4 c5 16. dxc6 Nxc6 17. Qd2 Qd7 18. Qxd6 Qxd6 19. Bxd6 Nd4 20. f3 Bc6
21. a5 h6 22. Rad1 Rxe1+ 23. Rxe1 Nxb3 24. cxb3 Rd8 25. Bb4 Rd3 26. Bc3 b4 27.
Bxb4 Rxb3 28. Bc3 Rb5 29. Re7 Rd5 30. Kf2 Kf8 31. Rc7 Bb5 32. Rc8+ Ke7 33. Bxg7
Rd1 34. Bc3 Rh1 35. h3 Rf1+ 36. Kg3 Bd7 37. Rh8 Rd1 38. Rxh6 Rd5 39. Rxa6 Rg5+
40. Kf2 Bb5 41. Bf6+ Kd7 42. Ra7+ Ke6 43. Bxg5 f6 44. Be3 Ke5 45. h4 f5 46. h5
f4 47. Bd2 Bd3 48. h6 Kf5 49. h7 Kg5 50. h8=Q Kg6 51. Qh7+ Kg5 52. Qxd3 Kh4 53.
Ra6 Kg5 54. Qd5+ Kh4 55. Rh6# 1-0

[Event "I Open Filadelfia.Chess"]
[Site "Filadelfia ITA"]
[Date "2009.12.05"]
[Round "1"]
[White "Costantino, Gregorio"]
[Black "Olivo, Paolo"]
[Result "0-1"]
[WhiteElo "1413"]
[BlackElo "1679"]
[PlyCount "50"]
[EventDate "2009.12.05"]

1. Nf3 Nf6 2. d3 b6 3. e4 d6 4. Be2 e5 5. Nbd2 Be7 6. c3 O-O 7. O-O Re8 8. Qc2
Nbd7 9. b4 a5 10. Bb2 c6 11. a3 a4 12. Nc4 Ba6 13. Ncd2 b5 14. Rfe1 Nf8 15. Bf1
Ng6 16. d4 Qd7 17. dxe5 dxe5 18. Qd3 Qg4 19. Qe3 Nf4 20. Kh1 Red8 21. Rad1 Qh5
22. Bc1 c5 23. Bb2 Ng4 24. bxc5 Nxe3 25. Rxe3 Bxc5 0-1

[Event "I Open Filadelfia.Chess"]
[Site "Filadelfia ITA"]
[Date "2009.12.05"]
[Round "1"]
[White "Dagnino, Marcello"]
[Black "Forlano, Luigi"]
[Result "0-1"]
[WhiteElo "1565"]
[BlackElo "2018"]
[PlyCount "62"]
[EventDate "2009.12.05"]

1. e4 c5 2. Nf3 g6 3. d4 cxd4 4. Nxd4 Nc6 5. Bc4 Bg7 6. c3 Nf6 7. f3 O-O 8. O-O
d5 9. exd5 Nxd5 10. Ne2 Qb6+ 11. Kh1 Ne3 12. Bxe3 Qxe3 13. Na3 Rd8 14. Nc2 Qb6
15. Qc1 Na5 16. Na3 Nxc4 17. Nxc4 Qc7 18. Na3 Bd7 19. Qe3 e5 20. c4 Bf8 21. Nc3
Bxa3 22. bxa3 Qxc4 23. Rfc1 Qd4 24. Qh6 Bc6 25. a4 Qd2 26. Qh4 Rd3 27. Ne4 Bxe4
28. Qxe4 Rad8 29. Qe1 Ra3 30. Rc7 Rxa2 31. Qf1 Rxa1 0-1

[Event "I Open Filadelfia.Chess"]
[Site "Filadelfia ITA"]
[Date "2009.12.05"]
[Round "1"]
[White "Familari, Giuseppe"]
[Black "Bellantoni, Corrado"]
[Result "1-0"]
[WhiteElo "1832"]
[BlackElo "1464"]
[PlyCount "51"]
[EventDate "2009.12.05"]

1. e4 c5 2. Nf3 Nc6 3. d4 cxd4 4. Nxd4 e6 5. Nc3 a6 6. Be2 Nf6 7. Be3 Be7 8.
O-O O-O 9. f4 d6 10. g4 Nxd4 11. Bxd4 e5 12. Be3 Re8 13. g5 Nd7 14. Qd2 exf4
15. Bxf4 Ne5 16. Rad1 Be6 17. h4 b5 18. Nd5 Bf8 19. Qe1 Bxd5 20. Rxd5 Qb6+ 21.
Kh1 Rac8 22. Bd1 Nc4 23. Bh5 Ne5 24. Bxe5 g6 25. Bd4 Rxe4 26. Qxe4 1-0